Les composants d'un ordinateur - Statistiques

Statistiques générales
  • Ce quiz a été pris 787 fois
  • Le résultat moyen est 11 sur 15
Statistiques - réponses
Hint Réponse % Correct
Il conserve les données de l'ordinateur Disque Dur
91%
Il est relié à tous les autres composants / élément principal Carte mère
90%
On le place sur les oreilles Casque
90%
Plein de boutons (comme un adolescent ^^) Clavier
89%
Il prend en charge la gestion de l'affichage Carte Graphique
88%
Il traite l'information numérique et se note en Hertz Processeur
85%
Nom d'un animal Souris
85%
Sortie non comprise dans les composants qui permet l'affichge Ecran
80%
Il délivre le courant électrique Alimentation
79%
Il prend en charge la gestion du son Carte Son
76%
Autre type de disque dur SSD
75%
Il permet de lire ou de graver des fichiers dessus Lecteur Graveur CD
66%
Il permet de protéger les composants Boitier
65%
Ensemble des composants Tour
43%
Il est utilisée par le processeur qui y place les données le temps de leur traitement Mémoire RAM
24%
Aucun quiz correspondant
Distribution des résultats
% des personnes avec chaque résultat
Percentile par nombre de réponses
Votre historique - résultats
Vous n’avez pas pris ce quiz